| 000 | 00377nam a22001337a 4500 | ||
|---|---|---|---|
| 008 | 260424b |||||||| |||| 00| 0 eng d | ||
| 020 | _a0-395-86665-0 | ||
| 050 |
_aPC 2129 _b.D57 1998 |
||
| 100 |
_aValette Jean-Paul; & Rebecca M. Valette _923704 |
||
| 245 | _aDiscovering French-Blanc | ||
| 260 |
_aEvanston _bMcDougal Littell _c1998 |
||
| 300 | _aVarious paging | ||
| 942 | _2lcc | ||
| 999 |
_c21762 _d21762 |
||